|
|
|
|
| LEADER |
00000nam0a2200000 4500 |
| 001 |
247517 |
| 005 |
20231228133210.0 |
| 010 |
|
|
|a 9785438702986
|
| 035 |
|
|
|a (RuTPU)RU\TPU\book\269035
|
| 090 |
|
|
|a 247517
|
| 100 |
|
|
|a 20140109d2013 m y0rusy50 ca
|
| 101 |
0 |
|
|a eng
|
| 102 |
|
|
|a RU
|
| 105 |
|
|
|a a j 001zy
|
| 200 |
1 |
|
|a Человек и окружающая среда
|e учебное пособие для вузов
|f И. А. Матвеенко, Н. В. Барановская
|g Национальный исследовательский Томский политехнический университет (ТПУ)
|d Man and Environment
|
| 210 |
|
|
|a Томск
|c Изд-во ТПУ
|d 2013
|
| 215 |
|
|
|a 138 с.
|c ил.
|
| 320 |
|
|
|a Библиогр.: с. 137.
|
| 330 |
|
|
|a Пособие готовит студентов к активному участию в обсуждении тематики дисциплины на английском языке в рамках вариативного компонента рабочей программы. Большое внимание уделяется также развитию умений и навыков говорения, аудирования и письма на темы, предусматриваемые модулем «Геоэкология». Тексты составлены на основе аутентичной учебной и научной литературы. Пособие может использоваться как для аудиторной, так и для самостоятельной работы студентов с уровнем языковой подготовки Intermediate. Предназначено для студентов 3-4 курсов ИПР, прослушавших курс экологии и геоэкологии на русском языке и изучающих модуль геоэкологии в рамках вариативного компонента профессионального иностранного языка.
|
| 452 |
|
1 |
|0 (RuTPU)RU\TPU\book\275805
|t Человек и окружающая среда
|o учебное пособие
|l Man and Environment
|f И. А. Матвеенко, Н. В. Барановская
|g Национальный исследовательский Томский политехнический университет (ТПУ), Институт природных ресурсов (ИПР), Кафедра геоэкологии и геохимии (ГЭГХ)
|c Томск
|n Изд-во ТПУ
|d 2013
|a Матвеенко, Ирина Алексеевна
|
| 510 |
1 |
|
|a Man and Environment
|z eng
|
| 606 |
1 |
|
|a Английский язык
|x Учебные руководства и пособия
|x Учебные руководства и пособия для высшей школы
|2 stltpush
|3 (RuTPU)RU\TPU\subj\29071
|9 52483
|
| 610 |
1 |
|
|a лексика
|
| 610 |
1 |
|
|a грамматика
|
| 610 |
1 |
|
|a разговорная речь
|
| 610 |
1 |
|
|a упражнения
|
| 610 |
1 |
|
|a экология
|
| 610 |
1 |
|
|a окружающая среда
|
| 610 |
1 |
|
|a защита
|
| 610 |
1 |
|
|a труды учёных ТПУ
|
| 686 |
|
|
|a Ш143.21-923
|2 rubbk
|
| 700 |
|
1 |
|a Матвеенко
|b И. А.
|c лингвист
|c профессор Томского политехнического университета, доктор филологических наук
|f 1967-
|g Ирина Алексеевна
|3 (RuTPU)RU\TPU\pers\27693
|9 12767
|
| 701 |
|
1 |
|a Барановская
|b Н. В.
|c геохимик
|c профессор Томского политехнического университета, доктор биологических наук
|f 1970-
|g Наталья Владимировна
|3 (RuTPU)RU\TPU\pers\26055
|9 11894
|
| 712 |
0 |
2 |
|a Национальный исследовательский Томский политехнический университет (ТПУ)
|c (2009- )
|3 (RuTPU)RU\TPU\col\15902
|
| 801 |
|
1 |
|a RU
|b 63413507
|c 20140109
|
| 801 |
|
2 |
|a RU
|b 63413507
|c 20180314
|g RCR
|
| 942 |
|
|
|c BK
|